000 00458nam a2200169Ia 4500
999 _c37347
_d37347
003 OSt
005 20200929100512.0
008 190216s9999||||xx |||||||||||||| ||und||
040 _coclc
082 _a591
_bNAT/T
100 _aNath, Vishwa
_94956
245 0 _aA Textbook Of Zoology /
_cVishwa Nath
260 _bS Chand & Co,
_c1967.
_aNew Delhi:
300 _a648p
650 _aZoology
942 _cBK
_2ddc
_h591
_iNAT/T
_k591
_mNAT/T